| 000 | 00452cam a2200193 4500 | ||
|---|---|---|---|
| 001 | D13580 | ||
| 008 | 090401t1920 xxu||||| |||| 00| 0 eng d | ||
| 035 | _a(Sirsi) u10513 | ||
| 041 | _aeng | ||
| 100 | _aParry, Richard | ||
| 245 | 3 | _aAn elementary text book on land surveying | |
| 250 | _a2nd | ||
| 260 |
_aLondon _bEstates Gazette _c1920 |
||
| 350 | _a0 | ||
| 520 | _aShelf 304 | ||
| 700 | _aJenkins, W.R. | ||
| 942 | _n0 | ||
| 948 | _c04/03/1997 | ||
| 999 |
_c86752 _d86752 |
||